000 00777nam a2200205Ia 4500
003 OSt
005 20240319162133.0
008 210210b1990 xxu||||| |||| 00| 0 eng d
040 _cAL
041 _aKannada
082 _aK894.9 GIRS
100 _aGIRADDI GOVINDARAJA, Samp.
_d ಗಿರಡ್ಡಿ ಗೋವಿಂದರಾಜ.
_9150924
245 _aSahitya paribhashika pustaka male.Navyate
_bಸಾಹಿತ್ಯ ಪರಿಭಾಶಿಕ ಪುಸ್ತಕ ಮಾಲೆ : ನವ್ಯತೆ
260 _aBengaluru
_bKarnataka Sahitya Akademi
_c1990
300 _a76,xii
690 _aKannada Criticism
_9150925
700 _aNarahalli Balasubrahmanya.
_dನರಹಳ್ಳಿ ಬಾಲಸುಬ್ರಹ್ಮಣ್ಯ
_9155517
906 _a044424
942 _2ddc
_cBK
999 _c94028
_d94028